000 00798nam a2200241Ia 4500
003 OSt
005 20220926001043.0
006 a|||||r|||| 00| 0
007 ta
008 220923b |||||||| |||| 00| 0 eng d
020 _a8187496266
_c127.5
037 _bDU0135, 29/03/2008, INDEPENDENT PUBLISHERS GROUP
_cGeneral Book
040 _aRTL
_cRTL
_beng
041 _2eng
_aeng
082 _aY9 (X991), P2
100 _aKlein Naomi
_926803
245 0 _aFences and windows
_b Dispatches from the front Lines of the Globalization Debate
260 _a New Delhi
_bLeft Word
_c2002
300 _axviii, 267p
_ccm.
650 _aSociology
942 _hY9 (X991), P2
_cGB
_2CC
999 _c600318
_d600318